00597 2200217 4500001002100000005001500021035002000036245004500056100001700101250001000118300003900128260003600167082001200203084001800215020001600233600003400249600002700283600003800310505001100348990002000359INLIS00000000000474320231208070921 a0010-12230000241 aRahasia DiBalik Televisi /cJohn Bassett0 aJohn Bassett aCet 1 a32 hlm, :bilus ;c20,2 x 27,7 cm. aBandung; :bPakar Raya;,c2006. a621.385 a621.385 JOH r a979534575-0 aAlih Bahasa,Andri Setyawan,SS aPewajah Ulang,B Waluyo aPengendali Mutu,Rizka Yanuarti,SS aIndeks a12755/P/BL/2016